000 00425nam a2200181Ia 4500
001 1723
005 20260306143749.0
008 260306t2013||||xx |||||||||||||| ||spa||
041 _aESP
082 _a155.23
_bM26
100 _aMartín Torralba, Lidia
_eAUT
245 0 _aLa personalidad resiliente
260 _c2013
300 _a346 páginas :
_c22 cm.
650 _aGEN
654 _aCPS
942 _cLIB
_dJUS
_fJUS
_2ddc
_n
999 _c1723
_d1723